000
00488nam a2200169Ia 4500
008
090711s9999 xx 000 0 und d
082
_b
42727
100
_a
पुरंदरे बाबासाहेब
245
_a
रायगड
260
_c
1972
300
_a
107
600
_a
पुरंदरे बाबासाहेब
630
_a
रायगड
700
_a
पुरंदरे बाबासाहेब
730
_a
रायगड
942
_c
BOOK
999
_c
308890
_d
308890